000 01401nam a2200373 c 4500
001 46752
003 ES-MaCES
005 20191213040015.0
008 151125s2015 sp y o000 ||spa d
017 _aM 12757-2015
_bDL
024 7 _a270-15-045-4
_2nipo
024 7 _a270-15-043-36
_2nipo
040 _aES-MaCES
_bspa
_cES-MaCES
245 0 0 _aGuía de la negociación colectiva 2015
_cComisión Consultiva Nacional de Convenios Colectivos
260 _aMadrid
_bMinisterio de Empleo y Seguridad Social, Subdirección General de Información Administrativa y Publicaciones
_c[2015]
300 _a277 p.
_c20 cm
541 _cGratuito
650 4 _anegociación colectiva
_928362
650 4 _aconvenio colectivo
_928361
650 4 _aacuerdo colectivo de empresa
_931121
650 4 _acondiciones de trabajo
_928327
650 4 _acondiciones de empleo
_930040
650 4 _arepertorio de recomendaciones prácticas
_929261
650 4 _alegislación del trabajo
_927166
650 4 _aEspaña
_926964
650 4 _a2015
_931152
650 4 _aguía
_929262
653 1 0 _aRelaciones laborales-Empleo
710 2 _aEspaña
_bMinisterio de Empleo y Seguridad Social
_eed.
_93243
710 2 _aComisión Consultiva Nacional de Convenios Colectivos (España)
_92011
787 0 _tGuía de la negociación colectiva 2014
_w(ES-MaCES)45425
902 _aLIB Libro
942 _2CES
_cBK
_h2.0.
999 _c46752
_d46752